000 00592nam a22001937a 4500
003 OSt
005 20251028034116.0
008 251028b |||||||| |||| 00| 0 eng d
020 _a978-621-406-0757
040 _aDWCL-Main lib
_cOC
082 _aFil. 410 B212e 2020
100 _aBantawig, Renalyn B.
245 _aEasy linguistics/
_cRenalyn B. Bantawig
260 _a Manila:
_bMindshapers co. Inc.,
_cc2020.
300 _aviii, 89 pages :
_billustrations;
_c23cm
504 _aIncludes bibliographical references
650 _a1. Linguistics.
942 _2ddc
_cBK - FIL
_kFil.
_n0
999 _c5217
_d5217